[Event "EWIBCC 2019"]
[Site "Monte-Carlo"]
[Date "2019.11.29"]
[Round "1.11"]
[White "Gunina, Valentina"]
[Black "Gitu, Paula-Alexandra"]
[Result "1-0"]
[WhiteElo "2509"]
[BlackElo "2118"]
[Annotator "TA"]
[PlyCount "75"]
[EventDate "2019.11.29"]
[EventType "swiss"]
[EventCountry "MNC"]
[SourceTitle "playchess.com"]
[Source "ChessBase"]
[SourceQuality "1"]

{[%evp 13,75,27,36,0,10,0,34,6,6,0,5,0,3,7,13,-62,-3,-7,33,14,115,-7,136,-2,14,15,8,-4,24,11,95,101,79,28,37,35,94,4,4,-56,0,0,39,27,88,60,123,123,140,96,89,22,386,391,653,595,897,290,976,417,419,421,416,406]} 1. d4 d6 2. e4 Nf6 3. Nc3 e5 4. Nf3 Nbd7 5. Bc4 Be7 6. O-O O-O 7. Re1 c6 8. a3 {C41: Philidor Defence} (8. a4 a5 9. h3 Re8 10. Ba2 Bf8 11. Be3 Qc7 12. Ng5 Re7 13. f4 b6 14. fxe5 dxe5 15. d5 cxd5 16. exd5 {1-0 (16) Wang,H (2709)-Ivanchuk,V (2726) Huaian 2017}) 8... b5 9. Ba2 Bb7 10. h3 {White is slightly better.} a5 11. Bg5 $146 ({Predecessor:} 11. Qd3 h6 12. Be3 b4 13. Na4 d5 14. Nxe5 Nxe5 15. dxe5 Nxe4 16. Bb6 {0-1 (36) Kalinichev,A (2411)-Kurilin,A (2288) Bogoroditsk 2011}) 11... h6 12. Bd2 Re8 13. dxe5 dxe5 14. Qe2 (14. Nh4 $11) 14... Qc7 (14... b4 $15 15. Na4 c5) 15. Nh4 $11 Nb6 16. Nf5 Bf8 {[#]} (16... Bc8 $1 $11) 17. Nd1 (17. Qf3 $1 $16) 17... Rad8 (17... Red8 $11 {remains equal.}) 18. f3 (18. Bxa5 $16 Ra8 19. b4) 18... b4 19. axb4 axb4 20. Nf2 Ra8 21. Be3 Na4 (21... c5 $11 {keeps the balance.}) 22. Nd3 $16 c5 23. Bc4 (23. Bb3 $16 Bc6 24. Qf2) 23... Nb6 24. Bb5 Red8 ({Black should try} 24... Nfd7 $14) 25. Rxa8 ({White should play} 25. Qf2 $16) 25... Rxa8 $11 26. c3 (26. c4 $11) 26... bxc3 ({Better is} 26... c4 $15 27. Nf2 (27. Nxb4 $2 Ra5 $19) 27... bxc3 28. bxc3 Ra3) 27. bxc3 Rc8 28. Qf2 $36 {[%mdl 2048] White has some pressure.} Nbd7 (28... Nfd7 $11) 29. Qg3 {Black must now prevent Nxh6+.} Kh8 (29... c4 $14 30. Nf2 Kh7) 30. Bc4 $16 Nb6 31. Ba2 Re8 32. Rb1 (32. Kh2 $16 {Hoping for Bxc5!} Ba6 33. Bxc5) 32... Nbd7 $2 {[%mdl 8192]} (32... Bc8 $1 $11 {and Black stays safe.}) 33. Bxf7 $18 Rd8 $2 (33... Rb8 34. Ra1 c4) 34. Nf2 Ba6 35. Be6 $2 (35. Qg6) 35... Nb6 $2 {[#]} (35... Qc6) 36. Qg6 (36. Bxh6 $142 $1 {[%mdl 512] aiming for Rxb6!} Na4 (36... gxh6 37. Qg6) 37. Qg6) 36... Bc8 37. Bxc8 Nxc8 {[#]} 38. Bxh6 $1 {[%mdl 512] Accuracy: White = 18%, Black = 17%.} 1-0

[Event "EWIBCC 2019"]
[Site "Monte-Carlo"]
[Date "2019.11.29"]
[Round "1.12"]
[White "Antova, Gabriela"]
[Black "Buksa, Nataliya"]
[Result "1-0"]
[WhiteElo "2306"]
[BlackElo "2410"]
[Annotator "TA"]
[PlyCount "37"]
[EventDate "2019.11.29"]
[EventType "swiss"]
[EventCountry "MNC"]
[SourceTitle "playchess.com"]
[Source "ChessBase"]
[SourceQuality "1"]

{[%evp 9,36,34,21,-22,-16,-45,-30,-97,-93,-136,-143,-139,-132,-124,-97,-110,-108,-108,-98,-110,-98,-135,-75,-187,-174,-297,-195,-173,29999]} 1. d4 d5 2. c4 e6 3. Nf3 Nf6 4. Nc3 Nbd7 5. Bf4 dxc4 6. e4 {D37: Queen's Gambit Declined: 5 Bf4} (6. e3 b5 7. Nxb5 Bb4+ 8. Nc3 Nd5 9. Rc1 N7b6 10. Bg3 c5 11. Be2 O-O 12. O-O Bb7 13. Nxd5 Qxd5 {0-1 (42) Ding,L (2805)-Aronian,L (2765) Saint Louis 2019}) 6... Bb4 7. Qc2 b5 8. Be2 (8. e5 $1 $11 {remains equal.} Nd5 9. Bg5) 8... Bb7 $17 9. e5 $146 ({Predecessor:} 9. O-O Bxc3 10. Qxc3 Bxe4 11. Bg5 c6 12. Ne5 Nxe5 13. dxe5 Nd5 14. Qg3 Qc7 15. Rad1 h6 16. Bc1 O-O-O 17. f4 f5 18. Kh1 g5 19. a4 gxf4 {0-1 (19) Eriksson,J (2080)-Galinsky,T (2359) Stockholm 2018}) 9... Be4 10. Qc1 Nd5 11. Bg5 Nxc3 12. bxc3 Be7 13. O-O O-O 14. Bxe7 Qxe7 15. Ng5 Bg6 (15... Bd5 $142 16. a4 a6) 16. f4 (16. a4 $17 {might work better.}) 16... Nb6 17. Rb1 (17. Bf3 $142) 17... Bxb1 18. Qxb1 {[%csl Gg5][%cal Rb1h7]} Nd5 $4 {[%mdl 8192] [#]} (18... g6 $19 19. Qxb5 Qa3) 19. Qxh7# {Accuracy: White = 14%, Black = 28%.} 1-0

[Event "EWIBCC 2019"]
[Site "Monte-Carlo"]
[Date "2019.11.29"]
[Round "1.13"]
[White "Muzychuk, Mariya"]
[Black "Zaksaite, Salomeja"]
[Result "1/2-1/2"]
[WhiteElo "2552"]
[BlackElo "2202"]
[Annotator "TA"]
[PlyCount "173"]
[EventDate "2019.11.29"]
[EventType "swiss"]
[EventCountry "MNC"]
[SourceTitle "playchess.com"]
[Source "ChessBase"]
[SourceQuality "1"]

{[%evp 20,173,37,33,45,0,0,0,4,-18,25,6,25,13,23,0,0,-381,51,54,51,26,39,29,39,43,56,43,130,54,43,50,120,15,94,97,101,16,92,95,106,0,0,0,8,0,158,155,153,101,112,98,125,109,127,97,97,66,66,66,66,65,66,66,66,65,65,65,65,65,65,65,65,65,65,65,65,0,65,39,39,39,39,0,0,0,39,0,0,0,39,0,39,39,39,0,39,39,39,39,39,39,39,39,39,39,39,39,39,39,39,39,39,39,39,39,39,0,39,39,39,39,39,0,0,0,0,0,0,0,0,0,0,0,0,0,0,0,0,0,0,0,0,0,0,0,0,0,0,0,0,0,0,0,0,0]} 1. e4 c5 2. Nf3 e6 3. c4 Nc6 4. d4 cxd4 5. Nxd4 Nf6 6. Nc3 Bb4 7. Nxc6 bxc6 8. Bd3 d5 9. exd5 exd5 10. O-O O-O 11. cxd5 Nxd5 {B22: Sicilian: 2 c3} (11... cxd5 12. Bg5 Be6 13. Rc1 h6 14. Bh4 Be7 15. Nb5 Ne4 16. Bxe7 Qxe7 17. f3 Rfd8 18. Nd4 Qb4 19. Bb1 {½-½ (39) Rakhmanov,A (2654)-Tsoi,D (2361) Sochi 2017}) 12. Ne4 Bf5 13. Qc2 Bg6 $146 ({Predecessor:} 13... Re8 14. Nf6+ Nxf6 15. Bxf5 Qd5 16. Be3 Ne4 17. Bxe4 Rxe4 18. Rfd1 {1-0 (64) Holm,K (2467)-Machlik,E (2154) Norway 2019}) 14. Rd1 Qc8 15. Bd2 Bxd2 16. Qxd2 Rd8 17. Rac1 Rb8 18. Rc4 $2 {[%mdl 8192]} (18. Bb1 $11 {and White stays safe.}) 18... Bxe4 $2 (18... Nb6 $1 $19 {[%cal Rb6c4]} 19. Rb4 c5) 19. Rxe4 Nf6 20. Re3 Qb7 21. b3 Rd5 22. Rde1 Rbd8 23. Qc2 Qd7 (23... Qb4 $14 24. Bf1 R5d6) 24. Bc4 ({White should try} 24. Re7 $16 Qd6 25. Bc4) 24... Rd2 25. Qc3 h6 {[#]} (25... Rd1 $14) 26. a4 (26. Re7 $1 $16 Qf5 27. Bxf7+ Kh7 28. Qg3 (28. Qxc6 Qxf2+ 29. Kh1 Rd1 30. Bg6+ Kxg6 31. h3 Rxe1+ 32. Rxe1 Qxe1+ 33. Kh2 Qe5+ 34. g3 Rd2+ {[%mdl 64] Double Attack} 35. Qg2 Rxg2+ 36. Kxg2 Qe2+ {[%mdl 64] Double Attack} 37. Kh1 Qf2 38. g4 Ne4 39. b4 Ng3#)) 26... Qd4 (26... Qf5 $11 27. Rf3 Qc2) 27. Qxd4 $16 R8xd4 28. h3 (28. Re7 $16) 28... Nd5 {[#]} (28... Kf8 $11) 29. Re8+ $1 Kh7 30. Ra8 ({Better is} 30. Rd8 $16) 30... Nb6 $1 $11 {[%cal Rb6a8]} 31. Rxa7 Nxc4 32. bxc4 Rxc4 $2 ({Black should play} 32... Rf4 $1 $11) 33. Rxf7 {[%mdl 4096] Endgame KRR-KRR} Rd6 34. Ra1 (34. Ra7 $142) 34... c5 35. a5 {Strongly threatening a6.} Ra6 36. Rc7 Rc2 37. Ra4 c4 38. Raxc4 (38. Ra3 {is more complex.} h5 39. Rc5 g6 40. Rf3 Ra7 41. Rf6) 38... Rxc4 39. Rxc4 {Hoping for Rc5.} Rxa5 $16 {KR-KR} 40. Kh2 Kg6 41. Rc6+ Kf7 42. Kg3 Ra3+ 43. f3 Ra2 44. h4 h5 45. Kh3 g6 46. Rb6 Rc2 47. Rb7+ Kf6 48. Rb6+ Kf7 49. f4 Rc3+ 50. Kh2 Rc2 51. Kg3 Rc3+ 52. Kf2 Rc2+ 53. Kg3 Rc3+ 54. Kh2 Rc2 55. Kh3 Rc3+ 56. g3 Ra3 57. Kg2 Rc3 58. Rb2 Ra3 59. Re2 Rb3 60. Kf2 Kf6 61. Re3 Rb2+ 62. Kf3 Rb4 63. Rc3 Ra4 64. Rc6+ Kf5 65. Rc5+ Kf6 66. Rd5 Rb4 67. Rd3 Ra4 68. Re3 Kf5 69. Rb3 Rc4 70. Rb5+ Kf6 71. g4 Rc3+ {The position is equal.} 72. Kg2 hxg4 73. Rg5 Ra3 74. Rxg4 Kf5 75. Rg5+ Kxf4 76. Rxg6 Kf5 77. Rg8 Kf6 78. h5 Kf7 79. Rg4 Ra6 80. Kg3 Ra8 81. Kh4 Rg8 82. Rf4+ Kg7 83. Rc4 Kh7 84. Rc6 Ra8 85. Rc5 Kh6 86. Rc6+ Kh7 87. Kg5 {Accuracy: White = 41%, Black = 64%.} 1/2-1/2

[Event "EWIBCC 2019"]
[Site "Monte-Carlo"]
[Date "2019.11.29"]
[Round "1.14"]
[White "Johnsen, Sylvia"]
[Black "Girya, Olga"]
[Result "0-1"]
[WhiteElo "1898"]
[BlackElo "2476"]
[Annotator "TA"]
[PlyCount "58"]
[EventDate "2019.11.29"]
[EventType "swiss"]
[EventCountry "MNC"]
[SourceTitle "playchess.com"]
[Source "ChessBase"]
[SourceQuality "1"]

{[%evp 12,58,-13,-29,-25,-22,-27,-14,-18,-37,-46,-47,-48,-55,-48,-50,-14,-58,18,-15,-16,-33,-25,-27,-12,-55,-42,-53,-33,-294,-303,-296,-294,-291,-288,-314,-292,-335,-313,-406,-338,-477,-478,-472,-474,-795,-791,-781,-770]} 1. e4 c6 2. Nc3 d5 3. exd5 cxd5 4. d4 Nc6 5. Nf3 Bg4 6. Be2 e6 7. O-O Bd6 {B13: Caro-Kann: Exchange Variation and Panov-Botvinnik Attack} 8. Nb5 Bb8 9. c3 Nge7 {The position is equal.} 10. Bg5 $146 ({Predecessor:} 10. Ne5 Bf5 11. f4 O-O 12. Na3 f6 13. Nf3 h6 14. Nc2 Bd6 15. Ne3 {0-1 (39) Husari,S (2290)-Karolyi,T (2425) Paks 1998}) 10... f6 {[#] And now ...Bxf3 would win.} 11. Bd2 O-O 12. Re1 a6 13. Na3 Nf5 14. Nc2 Re8 (14... e5 $15 15. h3 Bxf3 16. Bxf3 e4) 15. Ne3 (15. h3 $5 {[%cal Rh3g4]} Bxf3 16. Bxf3 $11) 15... Nxe3 16. Bxe3 Bd6 17. b4 Qc7 18. g3 (18. h3 $5 {[%cal Rh3g4]} Bf5 19. Nh4 $15) 18... Rad8 19. Qb3 Ne7 20. c4 $2 {[%mdl 8192]} (20. Nh4 $15 Bxe2 21. Rxe2) 20... dxc4 $19 {[%mdl 64] [#] Overworked Piece} 21. Bxc4 Bxf3 22. Bxe6+ Kh8 23. Rac1 Qb8 24. Bf7 Rf8 25. Rc3 Nc6 26. Be6 (26. a3 $142) 26... Bxb4 {Black is clearly winning.} 27. Bf4 Qa7 28. d5 (28. Rxc6 $142 Bxe1 29. Rc1 Bxf2+ 30. Kxf2) 28... Bxc3 29. Qxc3 Bxd5 {Accuracy: White = 21%, Black = 61%.} 0-1

[Event "EWIBCC 2019"]
[Site "Monte-Carlo"]
[Date "2019.11.29"]
[Round "1.15"]
[White "Guichard, Pauline"]
[Black "Chigaeva, Anastasia"]
[Result "0-1"]
[WhiteElo "2407"]
[BlackElo "2156"]
[Annotator "TA"]
[PlyCount "118"]
[EventDate "2019.11.29"]
[EventType "swiss"]
[EventCountry "MNC"]
[SourceTitle "playchess.com"]
[Source "ChessBase"]
[SourceQuality "1"]

{[%evp 10,118,21,16,14,-7,5,0,13,-8,0,-7,0,-37,15,-47,0,0,0,0,0,-33,-35,-40,-32,-37,-19,-49,-19,-29,-27,-86,-79,-196,-50,-37,0,-71,-8,-76,-26,-99,-71,-135,127,-113,0,0,0,6,0,-76,187,-1898,-1753,-1704,-1343,-1365,-1357,-1248,-902,-978,20,39,1,24,137,-291,-291,-291,-282,-528,-521,-641,-640,-1307,-641,-640,-640,-745,-739,-877,-799,-858,-784,-994,-955,-1034,-1009,-9827,-11708,-12825,-12828,-12820,-5210,-12832,-12832,-12833,-12833,-6129,-11354,-12839,-12839,-12845,-12840,-12841,-12839,-12839,-12839,-12842,-12841]} 1. c4 c6 2. g3 d5 3. Bg2 Nf6 4. Nf3 Bg4 5. O-O e6 6. Qb3 Qb6 {A11: English Opening: 1...c6} 7. Qc2 Nbd7 8. d3 Be7 {The position is equal.} 9. Nc3 O-O 10. Be3 Qc7 $146 ({Predecessor:} 10... Qa6 11. cxd5 cxd5 12. h3 Bh5 13. g4 Bg6 14. Nh4 {½-½ (45) Bareev,E (2643)-Mirzoev,A (2502) Cheliabinsk 2019}) 11. Rac1 Rac8 (11... dxc4 $15 12. dxc4 Bf5) 12. Rfd1 (12. cxd5 $11 cxd5 13. Qa4) 12... e5 {[#] And now ...Bxf3 would win.} 13. cxd5 cxd5 {Hoping for ...Bxf3.} 14. d4 e4 15. Bf4 Bd6 $36 {[%mdl 2048] Black is more active.} 16. Bxd6 Qxd6 17. Ne1 a6 18. Qb3 b5 19. a3 Nb6 20. Nc2 (20. Qb4 $1 $11 Qe6 21. b3) 20... Nc4 $17 21. Ne3 (21. Qa2 $17 {keeps fighting.}) 21... Bh5 (21... Nxe3 $19 22. fxe3 Bd7) 22. Bh3 $15 Rb8 23. Rc2 (23. Qb4 $11 {remains equal.} Qxb4 24. axb4) 23... Rfd8 (23... Nxe3 $17 24. fxe3 Rfd8) 24. Rdc1 (24. Nf5 $11 Qf8 25. Qb4) 24... Qb6 25. Rd1 (25. Qb4 $1 $11) 25... a5 26. Qa2 ({White should play} 26. Na2) 26... b4 $2 {[%mdl 8192]} (26... Nxe3 $17 27. fxe3 Bg4) 27. Na4 $2 (27. Ncxd5 $16 Nxd5 28. Nxd5 (28. Nxc4 Qa6 $17) (28. Qxc4 Nxe3 29. fxe3 Qh6 $11) 28... Rxd5 29. Qxc4) 27... b3 ({Better is} 27... Qb5 $17 28. axb4 Nxe3 29. fxe3 Bg4) 28. Nxb6 $11 bxa2 29. Nbxc4 dxc4 30. Nxc4 {[#]} (30. Ra1 $11) 30... Nd5 $2 {[%mdl 8192]} (30... Bxe2 $1 $17 {[%mdl 512]} 31. Rxe2 Rxd4) 31. e3 $4 {[%mdl 8192]} ({Don't take} 31. Nxa5 $6 e3 $16) (31. Ra1 $18) 31... Bxd1 $19 32. Rc1 Bb3 33. Nxa5 Rb5 34. Nc6 Rf8 {White must now prevent ...Bc2!} 35. Bf1 h6 $2 ({Black should try} 35... Rb6 $19 36. Na5 Ra8) 36. Bxb5 $11 Ra8 $1 37. Ra1 g5 (37... f6 $1 $11 {keeps the balance.}) 38. Nb4 $2 {[%mdl 8192]} (38. Kf1 $16 {stays on course.}) 38... Nxb4 $19 39. axb4 {[%mdl 4096] Endgame KRB-KRB} Rc8 40. Kf1 $2 (40. Kg2 Rc2 41. Ba4 Bxa4 42. Rxa2) 40... Rc2 {Black is clearly winning.} 41. Be2 Rxb2 {...Rb1+ is the strong threat.} 42. Kg2 Rb1 (42... Rxe2 $142 43. b5 Rb2) 43. Rxa2 Bxa2 44. b5 Be6 45. f3 exf3+ 46. Kxf3 Bd7 47. Ke4 Bxb5 48. Bg4 Rb2 49. Kd5 Rxh2 50. Kc5 Be2 51. Bf5 Bf3 52. d5 Rd2 53. e4 Kf8 54. Kd6 Ke8 55. g4 Kd8 56. Kc6 Rg2 57. e5 Bxg4 58. Bh7 Ke7 59. d6+ Kd8 {Accuracy: White = 17%, Black = 31%.} 0-1

[Event "EWIBCC 2019"]
[Site "Monte-Carlo"]
[Date "2019.11.29"]
[Round "1.16"]
[White "Aubert, Estee"]
[Black "Bulmaga, Irina"]
[Result "0-1"]
[WhiteElo "2010"]
[BlackElo "2435"]
[Annotator "TA"]
[PlyCount "52"]
[EventDate "2019.11.29"]
[EventType "swiss"]
[EventCountry "MNC"]
[SourceTitle "playchess.com"]
[Source "ChessBase"]
[SourceQuality "1"]

{[%evp 10,110,14,7,25,21,35,2,13,11,26,10,13,20,10,17,21,15,22,-22,4,13,25,10,70,4,0,-13,-16,-4,0,-22,6,-10,0,-19,7,-20,-26,-108,-120,-100,-105,-144,-141,-254,-256,-260,-270,-277,-270,-270,-264,-269,-255,-293,-297,-329,-272,-327,-275,-318,-299,-349,-322,-351,-342,-339,-334,-461,-382,-392,0,-460,-446,-414,-369,-418,-409,-385,-354,-354,-354,-528,-422,-450,-283,-283,0,-376,-348,-620,-345,-433,-337,-425,-289,-791,-634,-927,-881,-5235,-3405]} 1. d4 Nf6 2. Bf4 e6 3. e3 b6 4. Nf3 Bb7 5. Nbd2 d6 6. Bd3 g6 {A47: 1 d4 Nf6 2 Nf3 b6: Torre, London and Colle Systems} (6... Nbd7 7. h3 Qe7 8. Bh2 e5 9. dxe5 dxe5 10. e4 g6 11. Qe2 Bh6 12. Nc4 O-O 13. O-O Nc5 14. Ncxe5 Nfxe4 {0-1 (49) Milanovic,D (2495)-Ivanisevic,I (2611) Belgrade 2019}) 7. O-O Bg7 8. Qe2 Nc6 $146 {The position is equal.} ({Predecessor:} 8... O-O 9. c3 Nbd7 10. e4 e5 11. dxe5 dxe5 12. Be3 a5 13. Rfd1 Qe7 14. Ne1 {0-1 (32) Vezzosi,P (2316)-Castellanos Rodriguez,R (2501) Forni di Sopra 2018}) 9. c3 O-O 10. e4 h6 11. h3 Nh5 12. Bh2 e5 {[%cal Re5d4]} 13. dxe5 dxe5 14. Qe3 Qf6 15. Nc4 Qe6 16. Rad1 b5 (16... g5 $11) 17. Na3 (17. Ncd2 $14) 17... a6 $11 18. c4 b4 $36 {[%mdl 2048] Black has some pressure.} 19. Nc2 a5 20. b3 Rae8 21. c5 Qf6 22. Bc4 Nf4 23. Rfe1 g5 24. Qd2 {[#]} (24. Rd7 $11 {keeps the balance.}) 24... Nxh3+ $1 $17 {[%mdl 512]} 25. gxh3 Qxf3 26. Qe3 Qh5 {Played: Qf3xe3} 0-1

[Event "EWIBCC 2019"]
[Site "Monte-Carlo"]
[Date "2019.11.29"]
[Round "1.18"]
[White "Tomasi, Elise"]
[Black "Reizniece-Ozola, Dana"]
[Result "0-1"]
[WhiteElo "1984"]
[BlackElo "2305"]
[Annotator "TA"]
[PlyCount "78"]
[EventDate "2019.11.29"]
[EventType "swiss"]
[EventCountry "MNC"]
[SourceTitle "playchess.com"]
[Source "ChessBase"]
[SourceQuality "1"]

{[%evp 12,78,14,9,32,-10,-18,-14,28,14,39,-22,55,38,33,-37,-45,-36,-51,-179,-23,-216,-217,-223,-216,-254,-236,-249,-229,-275,-275,-280,-268,-261,-245,-270,-239,-255,-254,-356,-337,-314,-319,-314,-302,-352,-222,-219,-200,-219,-218,-437,-417,-400,-373,-729,-718,-1065,-1045,-912,-901,-1785,-1525,-2158,-2377,-2135,-1854,-1293,-645]} 1. d4 Nf6 2. Nf3 g6 3. g3 Bg7 4. Bg2 O-O 5. O-O d6 6. a4 Nc6 7. a5 Rb8 {A49: 1 d4 Nf6 2 Nf3 g6 3 g3: Anti-King's Indian systems} (7... a6 8. d5 Nb4 9. e4 Nxe4 10. c3 Nxd5 11. Qxd5 Nc5 12. Qd1 e5 13. Bg5 Qe8 14. Nbd2 e4 15. Nd4 {1-0 (62) Kovalenko,I (2700)-Bachmann,A (2593) Berlin 2015}) 8. b3 $146 ({Predecessor:} 8. d5 Nb4 9. c3 Na6 10. Be3 Ra8 11. Na3 e6 12. dxe6 fxe6 13. h3 Qe7 14. Qb3 Kh8 15. Nb5 {1-0 (39) Dobrov,V (2496)-Pel,B (2260) Paleochora 2017}) 8... e5 9. dxe5 Ng4 {The position is equal.} 10. Bb2 Ngxe5 11. Qc1 (11. Nxe5 $14 Nxe5 12. Ra2) 11... Bg4 (11... Nxf3+ $11 12. Bxf3 Nd4) 12. Nxe5 $14 dxe5 13. a6 (13. Bxc6 $14 bxc6 14. Nc3) 13... Nd4 $15 ({Much worse is} 13... Bxe2 $6 14. Re1 $14) 14. Bxd4 exd4 15. Ra4 (15. axb7 $15 c6 16. Bxc6) 15... Bxe2 $2 {[#]} ({Black should try} 15... b5 $19 16. Ra2 Bxe2) 16. Re1 $2 (16. axb7 $11 Bxf1 17. Qxf1) 16... Bxa6 $19 17. Nd2 Re8 18. Ne4 Qe7 19. Ra1 f5 20. Nd2 Qxe1+ 21. Qxe1 Rxe1+ 22. Rxe1 Kf8 23. Nc4 b6 {[%cal Bb7b6,Bb6b5][%mdl 32]} 24. Rd1 c5 25. Nd6 (25. Kf1 $142) 25... Rd8 26. Nc4 b5 27. Na5 c4 28. Nc6 Rd7 {[#] Threatens to win with ...d3.} 29. Nb8 Rd6 {White must now prevent ...d3.} 30. Nxa6 Rxa6 {[%mdl 4096] Endgame KRB-KRB} 31. Bb7 $2 (31. bxc4 bxc4 32. Bd5) 31... Ra2 32. bxc4 bxc4 33. Bc6 $2 (33. Rc1) 33... Rxc2 {Black is clearly winning.} 34. Re1 d3 35. Re8+ Kf7 36. Ra8 d2 37. Rxa7+ Kf6 38. Bf3 Rc1+ 39. Kg2 d1=Q {Accuracy: White = 27%, Black = 56%.} (39... c3 $142 40. Ra6+ Ke7 41. Ra7+ Ke6 42. Ra6+ Ke7 43. Ra7+ Kd6) 0-1

[Event "EWIBCC 2019"]
[Site "Monte-Carlo"]
[Date "2019.11.29"]
[Round "1.19"]
[White "Socko, Monika"]
[Black "Salimova, Nurgyul"]
[Result "1-0"]
[WhiteElo "2417"]
[BlackElo "2370"]
[Annotator "TA"]
[PlyCount "85"]
[EventDate "2019.11.29"]
[EventType "swiss"]
[EventCountry "MNC"]
[SourceTitle "playchess.com"]
[Source "ChessBase"]
[SourceQuality "1"]

{[%evp 19,85,39,41,16,43,41,41,35,46,29,26,18,32,2,23,9,48,43,48,47,48,41,41,35,47,40,41,46,141,52,57,39,141,-29,124,111,124,0,27,0,52,37,171,168,193,195,188,195,195,188,195,188,181,173,166,160,430,405,506,506,792,790,777,800,29979,29974,29983,29973]} 1. d4 Nf6 2. c4 e6 3. Nf3 d5 4. g3 Be7 5. Bg2 O-O 6. O-O dxc4 7. Ne5 Nc6 8. Bxc6 bxc6 9. Nxc6 Qe8 10. Nxe7+ Qxe7 11. Qc2 {E05: Open Catalan: 5 Nf3 Be7} (11. Qa4 e5 12. dxe5 Qxe5 13. Re1 Be6 14. Nc3 Ne4 15. Qc2 Nxc3 16. Qxc3 Qxc3 17. bxc3 Rab8 18. f3 Rfd8 19. Bf4 Rb2 {½-½ (32) Nakamura,H (2746)-So,W (2762) Saint Louis 2019}) 11... e5 12. Rd1 exd4 13. Rxd4 {White is slightly better.} Be6 14. Bg5 h6 15. Bxf6 Qxf6 16. Rd1 (16. Rf4 $5 {[%cal Rf4f6]} Qg6 17. Qxg6 fxg6 18. Rxf8+ Rxf8 19. Nc3 $14) 16... Rad8 $146 ({Predecessor:} 16... Rab8 17. Nc3 Rfe8 18. Rd2 Rb4 {½-½ (59) Handler,L (2390)-Genser,H (2292) Austria 2015}) 17. Nc3 Rxd1+ (17... Rd6 {is interesting.} 18. Rxd6 cxd6 19. Rd1 Qe5 20. e3 d5) 18. Rxd1 Rd8 19. Rxd8+ Qxd8 20. Qd1 Qb8 21. Qd2 Qb6 22. Kg2 Qc6+ 23. f3 h5 (23... f6 $14) 24. Qd4 (24. Qd8+ $16 Kh7 25. Qg5) 24... Qb7 $14 25. Ne4 c3 ({Black should try} 25... Qb6 $14 26. Nc5 Qd6 27. Nxe6 Qxe6) 26. Ng5 $2 {[#]} ({Resist} 26. Qxc3 $6 Bxa2 27. Qe5 Be6 $14) (26. Nxc3 $6 Qxb2 27. Qd8+ Kh7 $14) (26. Qd8+ $16 Kh7 27. Ng5+ (27. bxc3 Qa6 $14) (27. Nxc3 Qxb2 28. Qxc7 g6 $14) 27... Kg6 28. Nxe6 (28. bxc3 Qb5 $11) 28... fxe6 29. Qd3+ (29. bxc3 Qb5 $16) 29... Kf6 30. Qxc3+ e5 31. h4) 26... Qc8 $2 (26... Qd5 $11 27. Qxd5 Bxd5 28. bxc3 Bxa2) 27. bxc3 Bxa2 28. Qd3 ({Better is} 28. Qxa7 $16 Bb3 29. Qa3) 28... g6 (28... f6 $5 {[%cal Rf6g5]} 29. Ne4 Bf7 $11) 29. Qd4 Qe8 (29... Qa6 $11) 30. Ne4 $36 {[%mdl 2048] [#] aiming for Nf6+. White is pushing.} Qe7 (30... Qb5 $1 $14) 31. Qxa7 $18 Bd5 32. Qc5 Qxc5 33. Nxc5 {[%mdl 4096] Endgame KB-KN} Kf8 34. e4 Bc4 35. Kf2 Ke7 36. Ke3 Kd6 37. Nd3 g5 $2 (37... Be6 $16 38. Kd4 Bb3) 38. h4 gxh4 39. gxh4 Be6 (39... f6 $142 40. Kd4 Bb3) 40. Nf4 Bd7 41. Nxh5 Kc5 42. Nf4 f5 43. e5 {Accuracy: White = 46%, Black = 25%.} 1-0